<?xml version="1.0" encoding="UTF-8"?>
<marc:record xmlns:marc="http://www.loc.gov/MARC21/slim">
   <marc:leader>00000nam a2200000 a 4500</marc:leader>
   <marc:datafield ind1="1" ind2=" " tag="100">
      <marc:subfield code="a">Berg, Eric</marc:subfield>
      <marc:subfield code="4">aut</marc:subfield>
      <marc:subfield code="e">Verfasser/-in</marc:subfield>
   </marc:datafield>
   <marc:datafield ind1="0" ind2="0" tag="245">
      <marc:subfield code="a">Die Mörderinsel</marc:subfield>
   </marc:datafield>
   <marc:datafield ind1="0" ind2="0" tag="245">
      <marc:subfield code="c">Berg, Eric</marc:subfield>
   </marc:datafield>
   <marc:datafield ind1=" " ind2="1" tag="264">
      <marc:subfield code="a">München</marc:subfield>
      <marc:subfield code="b">Random House Audio</marc:subfield>
      <marc:subfield code="c">2020</marc:subfield>
   </marc:datafield>
   <marc:datafield ind1="1" ind2=" " tag="520">
      <marc:subfield code="a">Angaben aus der Verlagsmeldung

Die Mörderinsel / von Eric Berg

Ein ermordetes Mädchen, ein freigesprochener Täter, ein Dorf in Aufruhr ...

Als Holger Simonsmeyer, angeklagt des Mordes an einer jungen Frau aus seinem Heimatdorf Trenthin, freigesprochen wird, atmen er und seine Familie auf. Doch im Dorf herrscht weiter Misstrauen – und dann wird erneut ein junges Mädchen ermordet.
Wenige Monate später steht die Journalistin Doro Kagel vor den Brandruinen von Simonsmeyers Haus. Sie hatte Bettina Simonsmeyers Bitte ausgeschlagen, ebenso ausführlich über den Freispruch ihres Mannes zu berichten, wie zuvor über den Mordprozess. Von Schuldgefühlen geplagt beginnt sie nun, den Fall neu aufzurollen …

leicht gekürzte Lesung mit Vera Teltz
1 MP3-CD, ca. 10h 24min

</marc:subfield>
   </marc:datafield>
   <marc:datafield ind1=" " ind2=" " tag="020">
      <marc:subfield code="a">9783837150278</marc:subfield>
      <marc:subfield code="9">9783837150278</marc:subfield>
   </marc:datafield>
   <marc:datafield ind1=" " ind2=" " tag="020">
      <marc:subfield code="a">3837150275</marc:subfield>
      <marc:subfield code="9">3837150275</marc:subfield>
   </marc:datafield>
   <marc:datafield ind1=" " ind2=" " tag="041">
      <marc:subfield code="a">ger</marc:subfield>
   </marc:datafield>
</marc:record>
